Antecedentes del diferendo de límites /

Guardado en:
Formato: Libro
Publicado: Buenos Aires : Ministerio de Cultura y Educación, 1980
Materias:
Etiquetas: Agregar Etiqueta
Sin Etiquetas, Sea el primero en etiquetar este registro!
LEADER 01122nam a22002655a 4500
001 CEM.cems000679
005 20060210000000.0
008 130507s1980##################000#0#####d
003 CEMS
082 0 4 |a 327.82 
245 0 0 |a Antecedentes del diferendo de límites / 
260 |a Buenos Aires :  |b Ministerio de Cultura y Educación,  |c 1980 
300 |a 75 p. 
653 |a Argentina-geopolitica 
653 |a Canal de beagle-problemas limi 
653 |a Geopolitica 
859 |a CEMS  |b BIB. CEMS - 11 de abril  |h 327.82  |i Ar37  |p 10301.81  |t Ej.4 
859 |a CEMS  |b BIB. CEMS - 11 de abril  |h 327.82  |i Ar37  |p 12093.83  |t Ej.5 
859 |a CEMS  |b BIB. CEMS - 11 de abril  |h 327.82  |i Ar37  |p 12138.83  |t Ej.6 
859 |a CEMS  |b BIB. CEMS - 11 de abril  |h 327.82  |i Ar37  |p 12990.84  |t Ej.8 
859 |a CEMS  |b BIB. CEMS - 11 de abril  |h 327.82  |i Ar37  |p 12991.84  |t Ej.7 
859 |a CEMS  |b BIB. CEMS - 11 de abril  |h 327.82  |i Ar37  |p 13709.85  |t Ej.9 
859 |a CEMS  |b BIB. CEMS - 11 de abril  |h 327.82  |i Ar37  |p 8428.80  |t Ej.1 
859 |a CEMS  |b BIB. CEMS - 11 de abril  |h 327.82  |i Ar37  |p 8429.80  |t Ej.2 
859 |a CEMS  |b BIB. CEMS - 11 de abril  |h 327.82  |i Ar37  |p 8430.80  |t Ej.3